| 000 | 00794nam a2200217Ia 4500 | ||
|---|---|---|---|
| 008 | 140321s9999 xx 000 0 und d | ||
| 020 | _a9781111342104 | ||
| 050 |
_aLC 4019.2 _b.Al53 2012 |
||
| 100 | _aAllen, K. Eileen | ||
| 245 | 4 |
_aThe exceptional child : _binclusion in early childhood education / _cK. Eileen Allen and Glynnis E. Cowdery. |
|
| 250 | _a7th ed. | ||
| 260 |
_aCalifornia : _bWadsworth Cengage Learning, _cc2012. |
||
| 300 |
_a630 p. : _bill. ; _c26 cm. |
||
| 500 | _aIncludes bibliographic references and index. | ||
| 521 | _aEDUC | ||
| 650 |
_aChildren with disabilities _xEducation (Preschool) -- United States. |
||
| 650 |
_aEarly childhood education _xUnited States. |
||
| 650 |
_aMainstreaming in education _xUnited States. |
||
| 942 |
_kFOR _cBK |
||
| 999 |
_c48606 _d48606 |
||